Liverpool Centre Backs 2020-21 - Statistics

General Stats
  • This quiz has been taken 42 times
  • The average score is 7 of 16
Answer Stats
Number of Games Answer % Correct
1 Joel Matip Virgil van Dijk
92%
3 Joe Gomez Virgil van Dijk
90%
1 Joel Matip Joe Gomez
77%
3 Fabinho Jordan Henderson
51%
1 Fabinho Joe Gomez
49%
2 Fabinho Nathaniel Phillips
49%
6 Nathaniel Phillips Rhys Williams
49%
1 Nathaniel Phillips Joe Gomez
46%
6 Fabinho Joel Matip
41%
1 Fabinho Virgil van Dijk
38%
1 Fabinho Rhys Williams
36%
2 Nathaniel Phillips Jordan Henderson
33%
4 Nathaniel Phillips Ozen Kabak
33%
1 Joel Matip Jordan Henderson
26%
3 Fabinho Ozen Kabak
23%
2 Ozan Kabak Jordan Henderson
15%
No matching quizzes found
Score Distribution
Percent of People with Each Score
Percentile by Number Answered
Your Score History
You have not taken this quiz